000 00466cam a2200193ua 4500
020 _c495.00
041 _aeng
_h
082 _a540
_bOXT/MO
100 _aOxtoby, David W .
245 _aModern chemistry /
_cDavid W Oxtoby.
_hTextual Documents
260 _aAustralia :
_bBrooks/Cole ,
_c2008.
300 _a ; .
365 _a495.00
504 _a
700 1 _aCampion, Alan .
700 1 _aGillis, H.P .
942 _cBK
999 _c13506
_d13506